Responses for Show #3572 - Tuesday, February 29, 2000

Contestants

[<< previous game]

Jeff Gregory, a graphic designer from Atlanta, Georgia

Paula Rice, a test chef from Long Beach, California

Tim Hughes, a grocery clerk from Rockville, Maryland (whose 2-day cash winnings total $16,300)

[next game >>]

Jeopardy! Round responses

EUROPEAN CAPITALS
REBEL WITHOUT A CAUSE
BREAKFAST CEREAL CHARACTERS
(Alex: You have to identify the cereal.)
ROADSIDE ATTRACTIONS
I SPY
WITH MY LITTLE "EYE"
    $100 20
Paris

Jeff
    $100 6
James Dean

Tim
    $100 1
Kellogg's Frosted Flakes

Paula
    $100 21
O.K. Corral

Jeff
    $100 16
The Hunt for Red October

Paula
    $100 11
black eye

Jeff
    $200 24
Madrid

Tim
    $200 7
his father

Tim
    $200 2
Rice Krispies

Paula
    $200 23
Mississippi

Paula
    $200 17
World War I

Paula
    $200 12
eyesore

Jeff
    $300 25
Berlin

Jeff
    $300 8
Natalie Wood

Paula
    $300 3
(Alex: Do you have children?)
(Paula: I'm the great big one.)

Lucky Charms

Paula
    $1,000 28
a roadrunner

Tim
    $300 18
Kim

Tim
    $300 13
Buckeye

Paula
    $400 26
Athens

Tim
    $400 9
Sal Mineo

Paula
    $400 4
Sugar Smacks

Paula
    $400 29
Branson

Jeff
    $400 19
(George) Smiley

Jeff
    $400 14
cockeyed

Paula
    $500 27
Brussels

Triple Stumper
    $500 10
[Video & audio difficulties prevented the incorrect responses from being heard.]
(Paula: [?] )
(Jeff: [?] )

Griffith Observatory

PaulaJeff
Triple Stumper
    $500 5
Life

Tim
    $500 30
(Tim: What is a blini?)

pyrogy

TimPaula
    $500 22
Mrs. Pollifax

Triple Stumper
    $500 15
mind's eye

Jeff

Scores at the first commercial break (after clue 15):

Tim Paula Jeff
$800 $1,900 $300

Scores at the end of the Jeopardy! Round:

Tim Paula Jeff
$2,200 $2,900 $1,600

Double Jeopardy! Round responses

NONFICTION BESTSELLERS
LIGHTHOUSES
CLASSIC TV EPISODES
(Alex: You have to identify the show or series.)
19th CENTURY WOMEN
WORDS FROM THE HEART
POTPOURRI
    $200 6
Morrie

Tim
    $200 23
Netherlands

Paula
    $200 1
The Mary Tyler Moore Show

Paula
    $200 9
(Paula: Who is Clara Barton?)

Florence Nightingale

PaulaJeff
    $200 18
cardiac care unit

Paula
    $200 11
French's

Jeff
    $400 7
The Road Less Traveled

Jeff
    $400 24
Chesapeake

Tim
    $400 2
(Tim: What is Frasier?)

M*A*S*H

TimJeff
    $400 10
Amelia Bloomer

Triple Stumper
    $400 19
record

Tim
    $400 12
mother

Tim
    $600 8
(Tim: What is The List?)

The Rules

Tim
Triple Stumper
    $500 25
(Tim: What is San Francisco?)

San Diego

Tim
    $600 3
Taxi

Tim
    $600 17
(Tim: What is Melbourne?)

(Dame Nellie) Melba

Tim
Triple Stumper
    $600 20
discord or discordance

Triple Stumper
    $600 13
(Jeff: What is the tail?)

squeal

TimJeff
    $800 16
Montessori

Paula
    $800 26
Hatteras

Tim
    $800 4
The Munsters

Jeff
    $800 28
George Sand

Jeff
    $800 21
(Paula: What is lionheart?)

courage

PaulaJeff
    $800 14
Dorothy Hamill

Jeff
    $1000 27
Drawing on the Right Side of the Brain

Triple Stumper
    $1000 30
(Tim: What is the Alexandrian Lighthouse? The [*]?)

Lighthouse in Alexandria

Tim
    $1000 5
Barney Miller

Tim
    $1000 29
(Paula: Who is Queen Liliuowikalani?)
[Accepted as correct; reversed after clue 30]

Liliuokalani

Paula
Triple Stumper
    $600 22
(Jeff: What is cognac?)

cordial

Jeff
    $1000 15
A Funny Thing Happened on the Way to the Forum

Triple Stumper

Scores at the end of the Double Jeopardy! Round:

Tim Paula Jeff
$5,500 $2,300 $4,800

[wagering suggestions for these scores]

Final Jeopardy! Round responses

THE 13 COLONIES
PaulaWhat is Massachusetts?
$900
JeffWhat is Connecticut?
$3,399
TimWhat is Massachusetts?
$2,000
(1 of) Connecticut or Massachusetts

Final scores:

Tim Paula Jeff
$7,500 $3,200 $8,199
2nd place: trip to Napa & stay at Dr. Wilkinson's Hot Springs Mud Baths Resort 3rd place: Edge Company Catalog gift certificate New champion: $8,199

Game dynamics:

Coryat scores:

Tim Paula Jeff
$5,300 $2,300 $5,400
16 R
(including 1 DD),
5 W
(including 1 DD)
16 R,
4 W
16 R,
3 W
(including 1 DD)

Combined Coryat: $13,000

[game clues] [game scores] [suggest correction]

Game tape date: 1999-12-01
The J! Archive is created by fans, for fans. Scraping, republication, monetization, and malicious use prohibited; this site may use cookies and collect identifying information. See terms. The Jeopardy! game show and all elements thereof, including but not limited to copyright and trademark thereto, are the property of Jeopardy Productions, Inc. and are protected under law. This website is not affiliated with, sponsored by, or operated by Jeopardy Productions, Inc. Join the discussion at JBoard.tv.